000
00303nam a2200133Ia 4500
008
220214s9999 xx 000 0 und d
100
_a
Van Rossem A
245
0
_a
Mastication of rubber. Part I
300
_a
35p
700
_a
_D
elft TNO
700
_a
Hoekstra J
700
_a
Philips NV
942
_c
RE
999
_c
46397
_d
46397